सत्यहरिश्चन्द्र / (Record no. 113256)

MARC details
000 -LEADER
fixed length control field 01069nam a22002537a 4500
005 - DATE AND TIME OF LATEST TRANSACTION
control field 20170124102950.0
010 ## - LIBRARY OF CONGRESS CONTROL NUMBER
LC control number A-581888
020 ## - INTERNATIONAL STANDARD BOOK NUMBER
Terms of availability 00.00
035 ## - SYSTEM CONTROL NUMBER
System control number A-581888
037 ## - SOURCE OF ACQUISITION
Source of stock number/acquisition Cen Lib/Ret
040 ## - CATALOGING SOURCE
Original cataloging agency DPL
Language of cataloging HN
082 ## - DEWEY DECIMAL CLASSIFICATION NUMBER
Classification number 822
Item number हरिश
100 ## - MAIN ENTRY--PERSONAL NAME
Personal name हरिश्चन्द्र, भारतेन्दु
9 (RLIN) 49449
245 ## - TITLE STATEMENT
Title सत्यहरिश्चन्द्र /
Statement of responsibility, etc भारतेन्दु हरिश्चन्द्र
246 ## - VARYING FORM OF TITLE
Title proper/short title Satyaharishchandra /
Remainder of title by Bhartendu Harishchnadra
260 ## - PUBLICATION, DISTRIBUTION, ETC. (IMPRINT)
Place of publication, distribution, etc जयपुर
Name of publisher, distributor, etc साहित्यासागर
Date of publication, distribution, etc 1989
270 ## - ADDRESS
City जयपुर
Postal code 302003
Address एम्. एम्. एस. हाईवे
300 ## - PHYSICAL DESCRIPTION
Extent 100पृ. :
Dimensions 20सेमी(सजिल्द)
Other physical details सचित्र
650 ## - SUBJECT ADDED ENTRY--TOPICAL TERM
Topical term or geographic name as entry element हिंदी साहित्य
9 (RLIN) 51354
650 ## - SUBJECT ADDED ENTRY--TOPICAL TERM
Topical term or geographic name as entry element हिंदी साहित्य -- नाटक
9 (RLIN) 51355
650 ## - SUBJECT ADDED ENTRY--TOPICAL TERM
Topical term or geographic name as entry element Hindi literature
9 (RLIN) 51356
650 ## - SUBJECT ADDED ENTRY--TOPICAL TERM
Topical term or geographic name as entry element Hindi literature -- Drama
9 (RLIN) 51357
942 ## - ADDED ENTRY ELEMENTS (KOHA)
Source of classification or shelving scheme Dewey Decimal Classification
Koha item type Hindi Books
Classification part 822
Call number suffix हरिश
Holdings
Withdrawn status Lost status Damaged status Not for loan Home library Current library Date acquired Source of acquisition Cost, normal purchase price Total Checkouts Total Renewals Full call number Barcode Date last seen Date checked out Copy number Cost, replacement price Price effective from Koha item type
        Central Library Central Library 11/08/2015 Cen Lib/Ret 0.00 4 1 822 हरिश A-581888 25/06/2024 11/06/2024 1 0.00 11/08/2015 Hindi Books

© Delhi Public Library
Hit Counter
free hit counter